| 000 | 01351nam a2200265Ia 4500 | ||
|---|---|---|---|
| 999 |
_c35883 _d35883 |
||
| 001 | 1775 | ||
| 003 | GE_BSU | ||
| 005 | 20211119112408.0 | ||
| 008 | 181216s2009||||ge |||||||||||||| ||geo|| | ||
| 020 | _a9789941008313 | ||
| 040 | _cGE_BSU | ||
| 041 | _ageo | ||
| 080 | _a003.074 გ–73 | ||
| 100 |
_aგოჩიტაშვილი, ქეთევან _94197 |
||
| 245 |
_aაკადემიური წერა / _cქეთევან გოჩიტაშვილი, გიული შაბაშვილი, ნინო შარაშენიძე ; რედაქტორები: ნანა გაფრინდაშვილი, დარეჯან თვალთვაძე. |
||
| 250 | _aპირველი გამოცემა | ||
| 264 |
_aთბილისი : _bსაიმედო, _c2009. |
||
| 300 |
_a200 გვ.; _b24 სმ. |
||
| 653 | _aაკადემიური წერა | ||
| 700 |
_aშაბაშვილი, გიული _eავტორი _94174 |
||
| 700 |
_aშარაშენიძე, ნინო _eავტორი _97758 |
||
| 700 |
_aგაფრინდაშვილი, ნანა _eრედაქტორი _912966 |
||
| 700 |
_aთვალთვაძე, დარეჯან _eრედაქტორი _912967 |
||
| 942 |
_cBK _2udc |
||